Los servicios públicos de salud y seguridad en manos del régimen municipal /
Furkejuvvon:
| Váldodahkki: | |
|---|---|
| Eará dahkkit: | |
| Materiálatiipa: | Texto |
| Fáddágilkorat: |
Lasit fáddágilkoriid
Eai fáddágilkorat, Lasit vuosttaš fáddágilkora!
|
MARC
| LEADER | 00000 a a2200000 04500 | ||
|---|---|---|---|
| 001 | 3033 | ||
| 003 | |||
| 040 | |||
| 100 | |a Quirós, Billy | ||
| 245 | |a Los servicios públicos de salud y seguridad en manos del régimen municipal / |c Billy Quirós | ||
| 700 | |a Acuña, Alexander |a Alvarez, Carlos | ||
| 773 | |g volumen 25, número 1; páginas 199-217 | ||
| 999 | |c 36132 |d 36132 | ||
